Razonamiento lógico inductivo-proposicional

Gorde:
Xehetasun bibliografikoak
Egile nagusia: Yuste Hernanz, Carlos (Egilea)
Formatua: Liburua
Hizkuntza:gaztelania
Argitaratua: Madrid Ciencias de la Educación Preescolar y Especial 1994
Saila:Progresint, 23
Gaiak:
Etiketak: Etiketa erantsi
Etiketarik gabe, Izan zaitez lehena erregistro honi etiketa jartzen!

MARC

LEADER 00000nam a2200000 a 4500
001 UCT8982
003 CL-VaPUC
008 970404e19940000SP |||||||||||||||||spa|d
082 0 4 |a 372.5  |b YUS  |2 21 
100 0 |a Yuste Hernanz, Carlos  |e author  |9 381313 
245 1 0 |a Razonamiento lógico inductivo-proposicional 
300 |a 112 p 
942 |c BK 
945 |d 19970404 00:00:00  |a rleighto 
260 |a Madrid  |b Ciencias de la Educación Preescolar y Especial  |c 1994 
650 0 |a Razonamiento  |9 256520 
650 0 |a Psicología educacional   |9 307830 
650 0 |a Educación básica   |9 224933 
650 0 |a Inteligencia  |9 267038 
583 |a last modification  |c 19970404 00:00:00  |k Rodrigo Vera 
490 0 |a Progresint, 23 
999 |c 257445  |d 257443 
952 |0 0  |1 0  |4 0  |6 372_500000000000000_YUS_1994  |7 0  |8 A  |9 280899  |a BIBEDU  |b BIBEDU  |d 2019-11-19  |i 3292568  |o 372.5 YUS 1994  |p 3292568  |r 2019-11-19  |w 2019-11-19  |y BK  |k EPE 
952 |0 0  |1 0  |4 0  |6 372_500000000000000_YUS_1994  |7 0  |8 A  |9 280900  |a BIBEDU  |b BIBEDU  |d 2019-11-19  |i 3332586  |o 372.5 YUS 1994  |p 3332586  |r 2019-11-19  |w 2019-11-19  |y BK  |k EDU